| Tag |
First Indicator |
Second Indicator |
Subfields |
| LEADER |
00000cam a2200000 a 4500 |
| 001 |
in00001752321 |
| 005 |
20151025054315.0 |
| 008 |
030107m20032004njua be 001 0 eng |
| 010 |
|
|
|a 2003041107
|
| 020 |
|
|
|a 0471288241 (pt. 1 : set : acid-free paper)
|
| 020 |
|
|
|a 9780471288244 (pt. 1 : set : acid-free paper)
|
| 020 |
|
|
|a 0471250538 (pt. 1 : v. 1 : acid-free paper)
|
| 020 |
|
|
|a 9780471250531 (pt. 1 : v. 1 : acid-free paper)
|
| 020 |
|
|
|a 0471250546 (pt. 1 : v. 2 : acid-free paper)
|
| 020 |
|
|
|a 9780471250548 (pt. 1 : v. 2 : acid-free paper)
|
| 020 |
|
|
|a 0471250554 (pt. 1 : v. 3 : acid-free paper)
|
| 020 |
|
|
|a 9780471250555 (pt. 1 : v. 3 : acid-free paper)
|
| 020 |
|
|
|a 0471250562 (pt. 1 : v. 4 : acid-free paper)
|
| 020 |
|
|
|a 9780471250562 (pt. 1 : v. 4 : acid-free paper)
|
| 020 |
|
|
|a 0471287814 (pt. 2 : set : acid-free paper)
|
| 020 |
|
|
|a 9780471287810 (pt. 2 : set : acid-free paper)
|
| 020 |
|
|
|a 0471275093 (pt. 2 : v. 5 : acid-free paper)
|
| 020 |
|
|
|a 9780471275091 (pt. 2 : v. 5 : acid-free paper)
|
| 020 |
|
|
|a 0471275085 (pt. 2 : v. 6 : acid-free paper)
|
| 020 |
|
|
|a 9780471275084 (pt. 2 : v. 6 : acid-free paper)
|
| 020 |
|
|
|a 0471275107 (pt. 2 : v. 7 : acid-free paper)
|
| 020 |
|
|
|a 9780471275107 (pt. 2 : v. 7 : acid-free paper)
|
| 020 |
|
|
|a 0471275115 (pt. 2 : v. 8 : acid-free paper)
|
| 020 |
|
|
|a 9780471275114 (pt. 2 : v. 8 : acid-free paper)
|
| 020 |
|
|
|a 0471287806 (pt. 3 : set : acid-free paper)
|
| 020 |
|
|
|a 9780471287803 (pt. 3 : set : acid-free paper)
|
| 020 |
|
|
|a 0471275123 (pt. 3 : v. 9 : acid-free paper)
|
| 020 |
|
|
|a 9780471275121 (pt. 3 : v. 9 : acid-free paper)
|
| 020 |
|
|
|a 0471275131 (pt. 3 : v. 10 : acid-free paper)
|
| 020 |
|
|
|a 9780471275138 (pt. 3 : v. 10 : acid-free paper)
|
| 020 |
|
|
|z 0471275144 (pt. 3 : v. 11 : acid-free paper)
|
| 020 |
|
|
|a 0471275166 (pt. 3 : v. 12 : acid-free paper)
|
| 020 |
|
|
|a 9780471275169 (pt. 3 : v. 12 : acid-free paper)
|
| 029 |
1 |
|
|a NLGGC
|b 243997108
|
| 029 |
1 |
|
|a YDXCP
|b 1973942
|
| 029 |
1 |
|
|a YDXCP
|b 1976485
|
| 029 |
1 |
|
|a YDXCP
|b 1976486
|
| 029 |
1 |
|
|a YDXCP
|b 1976488
|
| 029 |
1 |
|
|a YDXCP
|b 1908525
|
| 029 |
1 |
|
|a YDXCP
|b 1916501
|
| 029 |
1 |
|
|a YDXCP
|b 1916504
|
| 029 |
1 |
|
|a YDXCP
|b 1916505
|
| 029 |
1 |
|
|a YDXCP
|b 1968936
|
| 029 |
1 |
|
|a YDXCP
|b 1976478
|
| 035 |
|
|
|a (OCoLC)51478050
|
| 035 |
|
|
|a (OCoLC)ocm51478050
|
| 040 |
|
|
|a DLC
|c DLC
|d BAKER
|d NLGGC
|d BTCTA
|d YDXCP
|d LVB
|d UtOrBLW
|
| 049 |
|
|
|a TXAM
|
| 050 |
0 |
0 |
|a TP1110
|b .E53 2003
|
| 082 |
0 |
0 |
|a 668.9
|2 21
|
| 084 |
|
|
|a 51.70
|2 bcl
|
| 084 |
|
|
|a 35.80
|2 bcl
|
| 084 |
|
|
|a 58.22
|2 bcl
|
| 245 |
0 |
0 |
|a Encyclopedia of polymer science and technology.
|
| 246 |
3 |
0 |
|a Polymer science and technology
|
| 250 |
|
|
|a 3rd ed.
|
| 264 |
|
1 |
|a Hoboken, N.J. :
|b Wiley-Interscience,
|c ©2003-©2004.
|
| 300 |
|
|
|a 12 volumes :
|b illustrations ;
|c 26 cm.
|
| 336 |
|
|
|a text
|b txt
|2 rdacontent
|
| 337 |
|
|
|a unmediated
|b n
|2 rdamedia
|
| 338 |
|
|
|a volume
|b nc
|2 rdacarrier
|
| 500 |
|
|
|a Executive editor: Jacqueline I. Kroschwitz.
|
| 500 |
|
|
|a "Herman F. Mark"--Cover.
|
| 504 |
|
|
|a Includes bibliographical references and indexes.
|
| 505 |
0 |
|
|a [pt. 1], v. 1. A to Coatings -- [pt. 1], v. 2. Coextrusion to Hyperbranched polymers -- [pt. 1], v. 3. Injection molding to Polysulfides -- [pt. 1], v. 4. Polysulfones to Weathering -- [pt. 2], v. 5. Acoustic properties to Cyclopentadiene and dicyclopentadiene -- [pt. 2], v. 6. Degradation to Magnetic polymers -- [pt. 2], v. 7. Metal-containing polymers to Rigid-rod polymers -- [pt. 2], v. 8. Semicrystalline polymers to Ziegler-Natta catalysts -- [pt. 3], v. 9. Acrylic fibers to Ethylene oxide polymers -- [pt. 3], v. 10. Fillers to Photopolymerization -- [pt. 3], v. 11. Plastics processing to Solid-state extrusion -- [pt. 3], v. 12. Surface analysis to Yield and crazing in polymers.
|
| 650 |
|
0 |
|a Plastics
|v Encyclopedias.
|
| 650 |
|
0 |
|a Polymers
|v Encyclopedias.
|
| 650 |
|
0 |
|a Polymerization
|v Encyclopedias.
|
| 650 |
|
6 |
|a Matières plastiques
|v Encyclopédies.
|
| 650 |
|
6 |
|a Polymères
|v Encyclopédies.
|
| 650 |
|
6 |
|a Polymérisation
|v Encyclopédies.
|
| 700 |
1 |
|
|a Kroschwitz, Jacqueline I.
|
| 700 |
1 |
|
|a Mark, H. F.
|q (Herman Francis),
|d 1895-1992.
|
| 856 |
4 |
1 |
|3 Table of contents
|u http://www.loc.gov/catdir/toc/wiley031/2003041107.html
|t 0
|
| 856 |
4 |
2 |
|3 Publisher description
|u http://www.loc.gov/catdir/description/wiley039/2003041107.html
|t 0
|
| 938 |
|
|
|a Baker and Taylor
|b BTCP
|n 2003041107
|
| 938 |
|
|
|a YBP Library Services
|b YANK
|n 1976478
|
| 938 |
|
|
|a Baker & Taylor
|b BKTY
|c 1600.00
|d 1600.00
|i 0471287806
|n 0004066609
|s active
|
| 938 |
|
|
|a Baker & Taylor
|b BKTY
|c 1600.00
|d 1600.00
|i 0471287814
|n 0004066610
|s active
|
| 938 |
|
|
|a Baker & Taylor
|b BKTY
|c 1600.00
|d 1600.00
|i 0471288241
|n 0004085582
|s active
|
| 945 |
|
|
|a PromptCat
|
| 946 |
|
|
|a qatar,ref
|
| 947 |
|
|
|a Q14800168261
|b v.1
|
| 947 |
|
|
|a Q14800168229
|b v.2
|
| 947 |
|
|
|a Q14800168180
|b v.3
|
| 947 |
|
|
|a Q14800168148
|b v.4
|
| 947 |
|
|
|a Q14800170747
|b v.5
|
| 947 |
|
|
|a Q14800170705
|b v.6
|
| 947 |
|
|
|a Q14800170666
|b v.7
|
| 947 |
|
|
|a Q14800170624
|b v.8
|
| 947 |
|
|
|a Q14800170836
|b v.9
|
| 947 |
|
|
|a Q14800170797
|b v.10
|
| 947 |
|
|
|a Q14800170941
|b v.11
|
| 947 |
|
|
|a Q14800170755
|b v.12
|
| 948 |
|
|
|a cataloged and 12-AC
|b h
|c 2007/7/26
|d c
|e cthompso/rrojas
|
| 994 |
|
|
|a 92
|b TXA
|
| 999 |
|
|
|a MARS
|
| 999 |
f |
f |
|s aebe01f9-958e-309e-8f9e-766e7005adfa
|i 593ccfcf-ffa3-3427-810b-973bd4cce760
|t 0
|
| 952 |
f |
f |
|p ric
|a Texas A&M University
|b Rellis Campus
|c Joint Library Facility
|d Remote Storage
|t 0
|e TP1110 .E53 2003
|h Library of Congress classification
|i unmediated -- volume
|k pt.1:v.2
|m A14830250072
|
| 952 |
f |
f |
|p ric
|a Texas A&M University
|b Rellis Campus
|c Joint Library Facility
|d Remote Storage
|t 0
|e TP1110 .E53 2003
|h Library of Congress classification
|i unmediated -- volume
|k pt.1:v.3
|m A14830250030
|
| 952 |
f |
f |
|p ric
|a Texas A&M University
|b Rellis Campus
|c Joint Library Facility
|d Remote Storage
|t 0
|e TP1110 .E53 2003
|h Library of Congress classification
|i unmediated -- volume
|k pt.1:v.4
|m A14830249990
|
| 952 |
f |
f |
|p ric
|a Texas A&M University
|b Rellis Campus
|c Joint Library Facility
|d Remote Storage
|t 0
|e TP1110 .E53 2003
|h Library of Congress classification
|i unmediated -- volume
|k pt.1:v.1
|m A14830250111
|
| 998 |
f |
f |
|a TP1110 .E53 2003
|s pt.1:v.1-pt.1:v.4
|t 0
|l Remote Storage
|